Investičný proces investovania rizikového kapitálu

Fázy investičného procesu. Prvá fáza - rokovanie záujemcu o investíciu s potenciálnymi investormi. Druhá fáza - predloženie podnikateľského plánu. Tretia fáza - preverenie podnikateľského plánu investičným manažérom, spracovanie investičného návrhu a jeho predloženie investičnému výboru. Štvrtá fáz...

Descripción completa

Guardado en:
Detalles Bibliográficos
Autor principal: Kopkáš, Peter
Formato: Capítulo de libro
Lenguaje:eslovaco
Materias:
Etiquetas: Agregar Etiqueta
Sin Etiquetas, Sea el primero en etiquetar este registro!

MARC

LEADER 00000nla$a2200000$$$4500
001 0058526
005 20240502071644.6
041 0 |a slo 
044 |a SK 
245 1 0 |a Investičný proces investovania rizikového kapitálu  |c Peter Kopkáš 
520 |a Fázy investičného procesu. Prvá fáza - rokovanie záujemcu o investíciu s potenciálnymi investormi. Druhá fáza - predloženie podnikateľského plánu. Tretia fáza - preverenie podnikateľského plánu investičným manažérom, spracovanie investičného návrhu a jeho predloženie investičnému výboru. Štvrtá fáza - podpis zmluvy a prevedenie finančných prostriedkov (rizikového kapitálu) na účet záujemcu o investíciu. Rizikový kapitál sa po zhodnotení vracia k investorovi. 
610 2 0 |a investovanie 
610 2 0 |a investície 
610 2 0 |a investori 
610 2 0 |a kapitál rizikový 
610 2 0 |a podnikatelia 
610 2 0 |a plán podnikateľský 
100 1 |a Kopkáš, Peter